| 000 | 01408nam a22002057a 4500 | ||
|---|---|---|---|
| 003 | OSt | ||
| 005 | 20251229145434.0 | ||
| 008 | 251229b |||||||| |||| 00| 0 eng d | ||
| 020 | _a9789387022812 | ||
| 040 | _cSoET Library | ||
| 082 | _a320.51 SIN | ||
| 100 |
_aSingh, Bhagat _93028 |
||
| 245 | _aWhy I Am an Atheist and Other Works | ||
| 260 |
_aNew Delhi: _bSrishti Publishers and Distributors, _c2020. |
||
| 300 | _ax, 126 p. | ||
| 520 | _aBhagat Singh is a name that became synonymous with revolution in India's struggle for Independence. This young boy brought about a change in the way people thought about freedom. He was well read and fought extensively for rights - his own, his comrades' and his countrymen's. A discussion with a friend soon turned into a matter of self-assessment for Bhagat Singh, leading to a discourse on why he chose to be an atheist. Even in the face of death at a very young age, his uncanny observation leads to his putting forth some pertinent questions. On another occasion, he was disappointed with his father's plea in court for his innocence and chose to write a letter to him. This book is a collection of eighteen of his valued writings from within the walls of prison and outside it, which show us the resolve in his words, and the bravery in his acts subsequently. | ||
| 650 |
_aPolitical philosophy _93029 |
||
| 650 |
_aAtheism _93030 |
||
| 942 |
_2ddc _cBK |
||
| 999 |
_c10156 _d10156 |
||